Statistiques concernant Pokémon Generique 15 - Destinées Rivales

Cliquez ici pour prendre le quiz!

Statistiques générales

  • Ce quiz a été pris 114 fois
  • Le résultat moyen est 50 sur 56

Statistiques - réponses

Réponse% Correct
A
97%
A
97%
A
97%
Les
97%
On
95%
On
95%
On
95%
On
95%
On
95%
On
95%
De
93%
L'aventure
93%
Nous
93%
Nous
93%
Nous
93%
Nous
93%
Nous
93%
Pokémon !
93%
Quand
93%
Sourit
93%
Ce
92%
Ce
92%
Est
92%
Est
92%
Est
92%
Qui
92%
Qui
92%
Qui
92%
Se
92%
Tous
92%
Amis
90%
Défis
90%
Des
90%
Faire
90%
Reste
90%
Sait
90%
Destin
88%
Relever
88%
Sera
88%
Sera
88%
Tout
88%
Affronter
86%
Fiers
86%
Forts
86%
Notre
86%
Offert
86%
Prêts
86%
Prêts
86%
Attend !
85%
Enfin
85%
Profiter
85%
Ensemble
83%
Pour
83%
Rencontrer
81%
Ressemblent
81%
Viens
63%

Distribution des résultats

Percentile par nombre de réponses

% des personnes avec chaque résultat

Votre développement - résultats

Vous n’avez pas pris ce quiz